000 00728nam a2200253 i 4500
001 8918
003 ES-MaACL
005 20250806034246.0
007 t|
008 921112s1991 sp ||||1| spa d
020 _a84-7658-304-4
080 _a130.2
080 _a17:32
100 1 _aMate, Reyes.
_978931
245 1 3 _aLa Razón de los vencidos /
_cReyes Mate.
250 _a[1ª ed.].
260 _aBarcelona :
_bAnthropos,
_c1991.
300 _a238 p. ;
_c20 cm.
490 1 _aPensamiento crítico/pensamiento utópico ;
_v61
650 7 _aÉtica política
_2embne
_9136540
830 0 _aPensamiento crítico/pensamiento utópico ;
_v61
_9177290
852 _aES-MaACL
_jL-16277
_bR.119887
999 _c8918
_d8918